Statistiques concernant Logos de jeux vidéo #1

Cliquez ici pour prendre le quiz!

Statistiques générales

  • Ce quiz a été pris 62 185 fois
    (58 418 depuis la dernière actualisation)
  • Le résultat moyen est 14 sur 20

Statistiques - réponses

Réponse% Correct
Play Station
99%
The Legend of Zelda:
Breath of the Wild
99%
Minecraft
98%
Pokémon Go
96%
Xbox
96%
Candy Crush
95%
Rocket League
79%
Sega
76%
Overwatch
71%
Clash of Clans
68%
Roblox
65%
Donkey Kong
61%
Doom
59%
Mortal Kombat
56%
Super Smash Bros.
56%
Skyrim
53%
Atari
49%
Nintendo 64
47%
Fortnite
41%
Half-Life
26%

Distribution des résultats

Percentile par nombre de réponses

% des personnes avec chaque résultat

Votre développement - résultats

Vous n’avez pas pris ce quiz depuis la dernière actualisation